|
|
|
|
| LEADER |
00721cam a2200193 7i4500 |
| 001 |
0000005178 |
| 005 |
20170329090000.0 |
| 020 |
|
|
|a 9780767421751 (hbk.)
|
| 020 |
|
|
|a 0767421752 (hbk.)
|
| 090 |
0 |
0 |
|a BF76.5
|b .W45 2002
|
| 100 |
1 |
|
|a Whitley, Bernard E
|
| 245 |
1 |
0 |
|a Principles of research in behavioral science
|c Bernard E. Whitley, Jr.
|
| 260 |
|
|
|a New York, N.Y.:
|b McGraw-Hill,
|c 2002.
|
| 300 |
|
|
|a xix, 668 p.;
|c 25 cm.
|
| 504 |
|
|
|a Includes bibliographical references and index
|
| 650 |
0 |
0 |
|a Psychology --
|x Research --
|x Methodology
|
| 997 |
|
|
|a Education & Social Sciences, Faculty
|b Social Sciences, Department
|
| 998 |
|
|
|a Industrial Psychology, Degree
|
| 999 |
|
|
|a 0000010846
|b BOK
|c OPEN SHELF
|e 1st Floor, Bestari Jaya
|